000 00610cam a2200169 a 4500
001 000003421
005 20200929150434.0
008 860227s1971 sp 001 f spa
040 _aDO-SdBNP
_bspa
_cBNPHU
082 _a863.6
_bM829n
100 1 _aMorán López, Fernándo.
_d1926-
_910665
245 1 0 _aNovela y semidesarrollo :
_buna interpretación de la novela hispanoamericana y española /
_cFernándo Morán López.
260 _aMadrid :
_bTaurus,
_c1971.
300 _a431 p. ;
_c21 cm.
650 4 _aNovela española
_xHistoria
_ySIGLO XX
_910666
650 4 _aLiteratura española
_xHistoria
_ySIGLO XX
_910667
999 _c3251
_d3251